Az SSC szektor vállalatainak versenyképessége a folyamatfejlesztés és automatizálás kihívásai

Bibliográfiai részletek
Szerző: Salát Adél
További közreműködők: Vallyon Dr. Andrea
Dokumentumtípus: Diplomadolgozat
Kulcsszavak:SSC
Folyamatfejlesztés
Automatizálás
Versenyképesség
Online Access:http://dolgozattar.uni-bge.hu/21131

MARC

LEADER 00000nta a2200000 i 4500
001 dolg21131
005 20200513191006.0
008 190511suuuu hu om 000 hun d
040 |a BGE Dolgozattár Repozitórium  |b hun 
041 |a hu 
100 1 |a Salát Adél 
245 1 3 |a Az SSC szektor vállalatainak versenyképessége  |b a folyamatfejlesztés és automatizálás kihívásai  |c Salát Adél  |h [elektronikus dokumentum] 
695 |a SSC 
695 |a Folyamatfejlesztés 
695 |a Automatizálás 
695 |a Versenyképesség 
700 1 |a Vallyon Dr. Andrea  |e ths 
856 4 0 |u http://dolgozattar.uni-bge.hu/21131/1/diplomadolgozat_Sal%C3%A1t%20Ad%C3%A9l_verzi%C3%B325.pdf  |z Dokumentum-elérés